Chemical reactor analysis and design fundamentals / (Record no. 22792)
[ view plain ]
| 000 -LEADER | |
|---|---|
| fixed length control field | 00892cam a22002775a 4500 |
| 001 - CONTROL NUMBER | |
| control field | 17401976 |
| 005 - DATE AND TIME OF LATEST TRANSACTION | |
| control field | 20161023141828.0 |
| 008 - FIXED-LENGTH DATA ELEMENTS--GENERAL INFORMATION | |
| fixed length control field | 120725t2013 wiua frb 001 0 eng d |
| 010 ## - LIBRARY OF CONGRESS CONTROL NUMBER | |
| LC control number | 2012945262 |
| 020 ## - INTERNATIONAL STANDARD BOOK NUMBER | |
| International Standard Book Number | 9780975937723 (alk. paper) |
| 040 ## - CATALOGING SOURCE | |
| Original cataloging agency | DLC |
| Language of cataloging | eng |
| Transcribing agency | DLC |
| Modifying agency | EG-ScBUE |
| 082 04 - DEWEY DECIMAL CLASSIFICATION NUMBER | |
| Classification number | 660.2832 |
| Item number | RAW |
| Edition number | 22 |
| 100 1# - MAIN ENTRY--PERSONAL NAME | |
| Personal name | Rawlings, James Blake. |
| 245 10 - TITLE STATEMENT | |
| Title | Chemical reactor analysis and design fundamentals / |
| Statement of responsibility, etc | James B. Rawlings, John G. Ekerdt. |
| 250 ## - EDITION STATEMENT | |
| Edition statement | 2nd ed., 2nd printing. |
| 260 ## - PUBLICATION, DISTRIBUTION, ETC. (IMPRINT) | |
| Place of publication, distribution, etc | Madison : |
| Name of publisher, distributor, etc | Nob Hill Publishing, |
| Date of publication, distribution, etc | c.2013. |
| 300 ## - PHYSICAL DESCRIPTION | |
| Extent | xxxiii, 633 p. : |
| Other physical details | ill. ; |
| Dimensions | 24 cm. |
| 500 ## - GENERAL NOTE | |
| General note | Index : p. 622-633. |
| 504 ## - BIBLIOGRAPHY, ETC. NOTE | |
| Bibliography, etc | Bibliography : p. 620-621. |
| 650 #0 - SUBJECT ADDED ENTRY--TOPICAL TERM | |
| Topical term or geographic name as entry element | Chemical reactors |
| General subdivision | Design and construction. |
| Source of heading or term | BUEsh |
| 9 (RLIN) | 33727 |
| 651 ## - SUBJECT ADDED ENTRY--GEOGRAPHIC NAME | |
| Source of heading or term | BUEsh |
| 653 ## - INDEX TERM--UNCONTROLLED | |
| Resource For college | Engineering, Chemical |
| Arrived date list | October2016 |
| 655 ## - INDEX TERM--GENRE/FORM | |
| Form subdivision | Reading book |
| -- | 34232 |
| 700 1# - ADDED ENTRY--PERSONAL NAME | |
| Personal name | Ekerdt, John G. |
| 942 ## - ADDED ENTRY ELEMENTS (KOHA) | |
| Source of classification or shelving scheme | Dewey Decimal Classification |
| Withdrawn status | Item status | Source of classification or shelving scheme | Damaged status | Not for loan | Vendor | Home library | Current library | Shelving location | Date acquired | Source of acquisition | Cost, normal purchase price | Total Checkouts | Full call number | Barcode | Date last seen | Koha item type |
|---|---|---|---|---|---|---|---|---|---|---|---|---|---|---|---|---|
| Dewey Decimal Classification | Baccah | Central Library | Central Library | First floor | 23/10/2016 | Purchase | 1840.00 | 660.2832 RAW | 000034434 | 15/07/2025 | Book - Borrowing |